| 000 -LEADER |
| fixed length control field |
01390 a2200301 4500 |
| 003 - CONTROL NUMBER IDENTIFIER |
| control field |
Nust |
| 005 - DATE AND TIME OF LATEST TRANSACTION |
| control field |
20221228181705.0 |
| 020 ## - INTERNATIONAL STANDARD BOOK NUMBER |
| International Standard Book Number |
0-86341-964-X |
| 020 ## - INTERNATIONAL STANDARD BOOK NUMBER |
| International Standard Book Number |
0-86341-964-X |
| 020 ## - INTERNATIONAL STANDARD BOOK NUMBER |
| International Standard Book Number |
978-0-86341-964-5 |
| 035 ## - SYSTEM CONTROL NUMBER |
| System control number |
DAW12678524 |
| 035 ## - SYSTEM CONTROL NUMBER |
| System control number |
DAW12678524 |
| 040 ## - CATALOGING SOURCE |
| Transcribing agency |
Nust |
| 082 04 - DEWEY DECIMAL CLASSIFICATION NUMBER |
| Classification number |
621.3883,GHA |
| 100 1# - MAIN ENTRY--PERSONAL NAME |
| Personal name |
Ghanbari, Mohammed |
| 9 (RLIN) |
106283 |
| 245 10 - TITLE STATEMENT |
| Title |
Standard codecs : |
| Remainder of title |
image compression to advanced video coding / |
| Statement of responsibility, etc. |
Mohammed Ghanbari. |
| 250 ## - EDITION STATEMENT |
| Edition statement |
3rd ed. |
| 260 ## - PUBLICATION, DISTRIBUTION, ETC. |
| Place of publication, distribution, etc. |
London : |
| Name of publisher, distributor, etc. |
Institution of Engineering and Technology, |
| Date of publication, distribution, etc. |
2011. |
| 300 ## - PHYSICAL DESCRIPTION |
| Extent |
xx, 481 p. : |
| Other physical details |
ill. ; |
| Dimensions |
24 cm. |
| 490 1# - SERIES STATEMENT |
| Series statement |
IET telecommunications series ; |
| Volume/sequential designation |
54 |
| 505 ## - FORMATTED CONTENTS NOTE |
| Formatted contents note |
History of Video Coding (Page-1), Principles of Video Compression (Page-25), Subband and Wavelet (Page-61), Coding of Still Pictures (JPEG and JPEG2000) (Page-101), Coding for videoconferencing (H.261), Coding of Moving Pictures (MPEG-2), Video Coding for low bit rate Communication (H.263), (Page-225), Content-based video coding (MPEG-4 visual) (Page-283), Advanced video coding (H-264), Content description, serach and delivery (MPEG-7 and MPEG-21). |
| 650 #0 - SUBJECT ADDED ENTRY--TOPICAL TERM |
| Topical term or geographic name entry element |
Digital video. |
| 9 (RLIN) |
55774 |
| 650 #0 - SUBJECT ADDED ENTRY--TOPICAL TERM |
| Topical term or geographic name entry element |
MPEG (Video coding standard) |
| 9 (RLIN) |
95509 |
| 650 #0 - SUBJECT ADDED ENTRY--TOPICAL TERM |
| Topical term or geographic name entry element |
Video compression. |
| 9 (RLIN) |
56008 |
| 710 2# - ADDED ENTRY--CORPORATE NAME |
| Corporate name or jurisdiction name as entry element |
Institution of Engineering and Technology. |
| 9 (RLIN) |
83202 |
| 830 #0 - SERIES ADDED ENTRY--UNIFORM TITLE |
| Uniform title |
IET telecommunications series ; |
| 9 (RLIN) |
106284 |
| 942 ## - ADDED ENTRY ELEMENTS (KOHA) |
| Source of classification or shelving scheme |
|
| Koha item type |
Book |